[Event "Olympiad-35"]
[Site "Bled"]
[Date "2002.10.28"]
[Round "3.3"]
[White "Surendorj, Handsuren"]
[Black "Mak, Kei Keng"]
[Result "1-0"]
[WhiteElo "2308"]
[BlackElo "2033"]
[PlyCount "103"]
[EventDate "2002.10.26"]
[EventType "team-swiss"]
[EventRounds "14"]
[EventCountry "SLO"]
[SourceTitle "EXT 2003"]
[Source "ChessBase"]
[SourceDate "2002.11.25"]
[SourceVersion "1"]
[SourceVersionDate "2002.11.25"]
[SourceQuality "1"]
[WhiteTeam "Mongolia"]
[BlackTeam "Macau"]
[WhiteTeamCountry "MGL"]
[BlackTeamCountry "MAC"]

1. e4 d5 2. exd5 Nf6 3. d4 Bg4 4. f3 Bf5 5. Bb5+ c6 6. dxc6 bxc6 7. Bc4 e6 8. Ne2 Bb4+ 9. c3 Ba5 10. 0-0 0-0 11. Bg5 Bc7 12. Nd2 Nbd7 13. b4 Qb8 14. g3 Nd5 15. Bxd5 exd5 16. Re1 Re8 17. Nf1 Nb6 18. Ne3 Bc8 19. Bf4 Ba6 20. Bxc7 Qxc7 21. Nf4 Nc4 22. Nxc4 Bxc4 23. Qd2 Qd7 24. Kf2 Qf5 25. a3 h6 26. g4 Qg5 27. Kg3 a6 28. Re3 Qf6 29. Rae1 Rxe3 30. Qxe3 a5 31. h4 axb4 32. cxb4 Qd6 33. h5 Qc7 34. Qc3 Qa7 35. Re3 Qc7 36. Qe1 Qd6 37. Re8+ Rxe8 38. Qxe8+ Kh7 39. Qxf7 Qf6 40. Qxf6 gxf6 41. Ng2 Kg7 42. Ne3 Bb5 43. Nf5+ Kh7 44. Kf4 Ba4 45. Ng3 Bc2 46. Ne2 Kg7 47. Nc3 Bd3 48. a4 Kf7 49. b5 cxb5 50. axb5 Ke6 51. b6 Ba6 52. Na4 1-0

[Event "MGL-ch"]
[Site "Ulaanbaatar"]
[Date "2002.04.05"]
[Round "6"]
[White "Surendorj, Handsuren"]
[Black "Sharavdorj, Dashzeveg"]
[Result "0-1"]
[WhiteElo "2300"]
[BlackElo "2425"]
[PlyCount "50"]
[EventDate "2002.04.01"]
[EventType "tourn"]
[EventRounds "15"]
[EventCountry "MGL"]
[SourceTitle "EXT 2003"]
[Source "ChessBase"]
[SourceDate "2002.11.25"]
[SourceVersion "1"]
[SourceVersionDate "2002.11.25"]
[SourceQuality "1"]

1. d4 Nf6 2. c4 g6 3. Nc3 Bg7 4. e4 d6 5. f4 0-0 6. Nf3 c5 7. dxc5 Qa5 8. Bd2 Qxc5 9. b4 Qb6 10. Rb1 Nc6 11. Nd5 Nxd5 12. cxd5 Nd4 13. Be2 f5 14. Bd3 fxe4 15. Bxe4 Bf5 16. Bxf5 Rxf5 17. Be3 Nc2+ 18. Qxc2 Qxe3+ 19. Qe2 Bc3+ 20. Kf1 Qxf4 21. Qxe7 Raf8 22. Kf2 Qd2+ 23. Qe2 Qd4+ 24. Qe3 Qxb4 25. Ke2 Qc4+ 0-1